00357nam a2200133Ia 4500008004100000020001500041041001200056082001600068100001800084245005800102260003700160300000800197650001800205221030s9999 xx 000 0 und d a8177000322 aEnglish a105.23bChh aT. N. Chhabra 0aPrinciples & Practice of Managementcby T. N. Chhabra bDhanpat Rai PubaNew Delhic2002 a880 aBE Management